000 00522nam a2200181Ia 4500
008 151018s9999 xx 000 0 und d
082 _bRBASDV6650
_a891.463
100 _aबलराम नांगरे
245 _aफुलवंती
250 _b1
260 _bग.रा.पाठक
_c1967
300 _a97
600 _aबलराम नांगरे
630 _aफुलवंती
700 _aबलराम नांगरे
730 _aफुलवंती
942 _cBOOK
999 _c1009024
_d1009021